Cargando...

Coaching softball technical and tactical skills

Detalles Bibliográficos
Formato: Printed Book
Lenguaje:Undetermined
Publicado: Canada Human Kinetics c.2009
LEADER 00438nam a2200121Ia 4500
008 200212s9999 xx 000 0 und d
020 |a 9,78074E+11 
082 |a 796.3578 AME 
245 |a Coaching softball technical and tactical skills 
260 |c c.2009  |a Canada  |b Human Kinetics 
942 |c BK 
999 |c 194562  |d 194558 
952 |0 0  |1 0  |4 0  |6 796_357800000000000_AME  |7 0  |9 194225  |a SPESS  |b SPESS  |d 2020-02-12  |l 0  |o 796.3578 AME  |p SPESS724  |r 2020-02-12  |w 2020-02-12  |y BK